000 00262nam a2200097Ia 4500
005 20251222114412.0
008 251222s1900||||xx |||||||||||||| ||spa||
082 _aDVD0120/S59.9/1998
245 0 _aSimphony No 9 " From the new world" de AntonĂ­n Dvorak:
942 _cDVD
999 _c2065
_d2065